Mao Tsetung : (Record no. 19246)
[ view plain ]
| 000 -LEADER | |
|---|---|
| fixed length control field | 00518nam a22001937a 4500 |
| 003 - CONTROL NUMBER IDENTIFIER | |
| control field | BDDh-ASL |
| 005 - DATE AND TIME OF LATEST TRANSACTION | |
| control field | 20231015025750.0 |
| 008 - FIXED-LENGTH DATA ELEMENTS--GENERAL INFORMATION | |
| fixed length control field | 201121s1977 cc ||||| |||| 00| 0 eng d |
| 040 ## - CATALOGING SOURCE | |
| Original cataloging agency | BDDh-ASL |
| Transcribing agency | BDDh-ASL |
| 082 ## - DEWEY DECIMAL CLASSIFICATION NUMBER | |
| Classification number | 923.2 |
| Item number | MAO |
| 100 1# - MAIN ENTRY--PERSONAL NAME | |
| 9 (RLIN) | 2171 |
| Personal name | Tsetung, Mao |
| 245 10 - TITLE STATEMENT | |
| Title | Mao Tsetung : |
| Remainder of title | Five essays on Philosophy / |
| 260 ## - PUBLICATION, DISTRIBUTION, ETC. | |
| Place of publication, distribution, etc. | Peking : |
| Date of publication, distribution, etc. | 1977. |
| 300 ## - PHYSICAL DESCRIPTION | |
| Extent | 157 p. : |
| Dimensions | 19 cm. |
| 600 10 - SUBJECT ADDED ENTRY--PERSONAL NAME | |
| 9 (RLIN) | 2171 |
| Personal name | Tsetung, Mao |
| General subdivision | Speeches |
| 650 #0 - SUBJECT ADDED ENTRY--TOPICAL TERM | |
| 9 (RLIN) | 2172 |
| Topical term or geographic name entry element | Philosophy |
| 650 #0 - SUBJECT ADDED ENTRY--TOPICAL TERM | |
| 9 (RLIN) | 1339 |
| Topical term or geographic name entry element | Biography |
| 942 ## - ADDED ENTRY ELEMENTS (KOHA) | |
| Source of classification or shelving scheme | Dewey Decimal Classification |
| Koha item type | Books |
| Withdrawn status | Lost status | Source of classification or shelving scheme | Damaged status | Not for loan | Collection code | Home library | Current library | Shelving location | Date acquired | Source of acquisition | Total Checkouts | Full call number | Barcode | Date last seen | Copy number | Price effective from | Koha item type | Public note |
|---|---|---|---|---|---|---|---|---|---|---|---|---|---|---|---|---|---|---|
| Dewey Decimal Classification | Non-fiction | Asiatic Society Library | Asiatic Society Library | Sirajul Islam Collection | 11/21/2020 | Donated by Professor Sirajul Islam, FRHS | 923.2 MAO | 102551 | 11/21/2020 | C-1 | 11/21/2020 | Books | ||||||
| Dewey Decimal Classification | Not For Loan | Non-fiction | Asiatic Society Library | Asiatic Society Library | General Stacks | 01/25/2021 | ASB Collection | 923.2 MAO | 104885 | 01/25/2021 | C-2 | 01/25/2021 | Books | RARE |